Statistics for Biggest cities/towns in Northern Ireland

Click here to take the quiz!

General Stats

  • This quiz has been taken 2,297 times
    (2,257 since last reset)
  • The average score is 8 of 15

Answer Stats

PopulationCity/Town% Correct
276,459Belfast
100%
83,669Derry
93%
71,465Lisburn
73%
27,433Newry
68%
19,910Omagh
63%
57,685Craigavon Urban Area
60%
58,388Bangor
59%
24,089Coleraine
59%
28,717Ballymena
57%
20,001Antrim
54%
18,228Larne
40%
27,201Carrickfergus
32%
27,821Newtownards
31%
62,056Newtownabbey
25%
54,990Castlereagh Urban Area
17%

Score Distribution

Percentile by Number Answered

Percent of People with Each Score

Your Score History

You have not taken this quiz since the last reset